000
00310nam a22001217a 4500
020
_a
981-02-1622-X
082
_a
539 QUA'R
100
_a
RANDJBAR-DACMI, S
_9
68004
245
_a
QUANTUM FIELD THEORY AND CONDENSED MATTER PHYSICS
260
_a
SINGAPORE
_b
WORLD SCIENTIFIC
_c
1994
300
_a
140P
942
_c
BK
999
_c
575670
_d
575670